000 01045nam a2200325 a 4500
003 AR-BaBNM
005 20251128210723.0
008 082120s2002 ||||||||||||||000 | spa||
020 _a950-46-0618-0
040 _cAR-BaBNM
100 1 _aDoval, Luis
245 0 0 _aTecnología más acá de la computadora
_buna propuesta de educación tecnológica para maestros de EGB 1
250 _a1ª ed.
260 _aBuenos Aires
_bSantillana
_c1999
300 _a116 p.
_bgráfs., tablas
490 0 _aAula XXI
500 _aTirada especial para la Red Federal de Formación Docente Continua. Ministerio de Cultura y Educación de la Nación
500 _aContiene referencias bibliográficas
650 4 _aMETODOS DE ENSEÑANZA
650 4 _aPROYECTOS
650 4 _aACTIVIDADES
650 4 _aCUENTOS
653 _aEDUCACION TECNOLOGICA
653 _aENSEÑANZA DE LA TECNOLOGIA
653 _aPRIMER CICLO DE LA EGB
653 _aESTRATEGIAS DIDACTICAS
800 1 _aMerega, Herminia
_edirector
942 _cBK
998 _cRAQUEL
999 _c16601
_d16601